Kapitalizovateľnosť ľudských zdrojov ako predpoklad vstupu na trh práce v procese globalizácie

Globalizačné procesy v súčasnosti ovplyvňujú politické, ekonomické, sociálne a kultúrne zmeny v spoločnosti. Globalizácia je spojená s nízkou produktivitou práce, nízkou infláciou, starnutím populácie ako aj rastom globálneho dlhu. Predmetom záujmu v kontexte globalizácie je aj vzdelávanie. Významné...

Full description

Saved in:
Bibliographic Details
Main Author: Vidová, Jarmila, 1967-
Format: Book Chapter
Language:Slovak
Subjects:
Tags: Add Tag
No Tags, Be the first to tag this record!

MARC

LEADER 00000naa$a2200000$$$4500
001 0248083
005 20240502103459.2
041 0 |a slo 
044 |a SK 
245 1 0 |a Kapitalizovateľnosť ľudských zdrojov ako predpoklad vstupu na trh práce v procese globalizácie  |c Jarmila Vidová 
520 |a Globalizačné procesy v súčasnosti ovplyvňujú politické, ekonomické, sociálne a kultúrne zmeny v spoločnosti. Globalizácia je spojená s nízkou produktivitou práce, nízkou infláciou, starnutím populácie ako aj rastom globálneho dlhu. Predmetom záujmu v kontexte globalizácie je aj vzdelávanie. Významné sú preto investície do vzdelávania, čo je predpoklad pre tvorbu inovácií a zvyšovania produktivity práce. 
610 2 0 |a globalizácia 
610 2 0 |a zdroje ľudské 
610 2 0 |a vzdelávanie 
610 2 0 |a trh práce 
610 2 0 |a produktivita práce 
610 2 0 |a mzdy 
100 1 |a Vidová, Jarmila, 1967-